Bhaja Govindam and Vishnu Sahaaranamam Part 1 & 2 / (Record no. 47366)
[ view plain ]
| 000 -LEADER | |
|---|---|
| fixed length control field | 00902njm a22002657a 4500 |
| 005 - DATE AND TIME OF LATEST TRANSACTION | |
| control field | 2010092106016.0 |
| 007 - PHYSICAL DESCRIPTION FIXED FIELD--GENERAL INFORMATION | |
| fixed length control field | sd ammalaaahaa |
| 008 - FIXED-LENGTH DATA ELEMENTS--GENERAL INFORMATION | |
| fixed length control field | 100913t xxu||||| |||| 00| 0 hin d |
| 028 ## - PUBLISHER NUMBER | |
| Publisher number | S/MOAE-5011 |
| Source | Odeon |
| 035 ## - SYSTEM CONTROL NUMBER | |
| System control number | GR-03945 |
| 040 ## - CATALOGING SOURCE | |
| Original cataloging agency | SED/VEN |
| 100 ## - MAIN ENTRY--PERSONAL NAME | |
| 9 (RLIN) | 19606 |
| 245 ## - TITLE STATEMENT | |
| Title | Bhaja Govindam and Vishnu Sahaaranamam Part 1 & 2 / |
| Medium | [sound recording] : |
| 260 ## - PUBLICATION, DISTRIBUTION, ETC. (IMPRINT) | |
| Place of publication, distribution, etc | Dum Dum, India |
| Name of publisher, distributor, etc | Odeon |
| Date of publication, distribution, etc | 1970 |
| 300 ## - PHYSICAL DESCRIPTION | |
| Extent | 1 sound disc [Gramophone record] : |
| Other physical details | analog, 33.1/3 rpm |
| Dimensions | 12 in. (LP) |
| Type of unit | Gramophone record |
| 500 ## - GENERAL NOTE | |
| General note | Brief record. |
| 500 ## - GENERAL NOTE | |
| General note | Odeon |
| 500 ## - GENERAL NOTE | |
| General note | Black |
| 650 ## - SUBJECT ADDED ENTRY--TOPICAL TERM | |
| General subdivision | Excerpts |
| Geographic subdivision | India |
| 9 (RLIN) | 19607 |
| Form subdivision | Sanskrit basic devotional |
| Topical term or geographic name as entry element | Classical music |
| 700 ## - ADDED ENTRY--PERSONAL NAME | |
| 9 (RLIN) | 20936 |
| Personal name | Kavita Krishna Murthy |
| 700 ## - ADDED ENTRY--PERSONAL NAME | |
| Personal name | Laxmi Kant Pyarelal |
| 9 (RLIN) | 21008 |
| 700 ## - ADDED ENTRY--PERSONAL NAME | |
| Personal name | Anand Bakshi |
| 9 (RLIN) | 21022 |
| 942 ## - ADDED ENTRY ELEMENTS (KOHA) | |
| Source of classification or shelving scheme | Dewey Decimal Classification |
| Item type | Gramaphone Records |
| Withdrawn status | Lost status | Source of classification or shelving scheme | Damaged status | Not for loan | Collection code | Home library | Current library | Date acquired | Source of acquisition | Total Checkouts | Barcode | Date last seen | Copy number | Price effective from | Koha item type |
|---|---|---|---|---|---|---|---|---|---|---|---|---|---|---|---|
| Dewey Decimal Classification | Not For Loan | Non-fiction | Central Library | Central Library | 21/09/2010 | SED/VEN | GR-03945 | 21/09/2010 | 1 | 21/09/2010 | Gramaphone Records |
